Stavba betonových mostů

Na minha lista:
Detalhes bibliográficos
Main Authors: Chandži, Viktor (Author), Pavlík, Gustav (Author), kol (Author)
Formato: Livro
Idioma:tcheco
Publicado em: Praha : Výzkumný ústav stavební ekonomiky, 1958
Edição:1.vyd.
Tags: Adicionar Tag
Sem tags, seja o primeiro a adicionar uma tag!

MARC

LEADER 00000nam a22000003a 4500
001 stu270323
005 20150617230246.1
008 130708s--------cs------------------cze-d
040 |a STU  |b slo 
041 0 |a cze 
044 |a cs 
100 1 |a Chandži, Viktor  |4 aut 
245 1 |a Stavba betonových mostů 
250 |a 1.vyd. 
260 |a Praha :  |b Výzkumný ústav stavební ekonomiky,  |c 1958 
300 |a 215 s 
700 1 |a Pavlík, Gustav  |4 aut 
700 1 |a kol.  |4 aut 
996 |b 284V035220  |c V*6836/O-657  |l VVS  |s A  |a 24  |w stu270323_0001